LEADER 00934nam0 2200265 450 001 000005853 005 20050912130439.0 100 $a20050912f2003----km-y0itay50------ba 101 0 $aita 102 $aIT 105 $ay---m---001yy 200 1 $aMercato del lavoro e sommerso$eun modello di analisi per il Mezzogiorno$fSimona Monteleone$gProf. Salvatore Vinci 210 $aNapoli$cUniversità degli Studi di Napoli "Parthenope"$d[2003?] 215 $a73 p.$ctab.$d30 cm 328 $aTesi di Dottorato di ricerca in: Scienze Economiche 610 1 $aEconomia sommersa$aItalia 676 $a338.60945$v20 700 1$aMonteleone,$bSimona$0630389 702 1$aVinci,$bSalvatore 712 02$aUniversità degli Studi di Napoli "Parthenope" 801 0$aIT$bUNIPARTHENOPE$c20050912$gRICA$2UNIMARC 912 $a000005853 951 $aTESI-2003/9$cNAVA1$d2005 996 $aMercato del lavoro e sommerso$91206178 997 $aUNIPARTHENOPE LEADER 03423nam 2200697 a 450 001 996202075503316 005 20230213211642.0 010 $a1-280-78377-X 010 $a9786613694164 010 $a0-470-71809-9 010 $a0-470-72041-7 035 $a(CKB)1000000000688109 035 $a(EBL)703882 035 $a(OCoLC)797918417 035 $a(SSID)ssj0000715425 035 $a(PQKBManifestationID)11416356 035 $a(PQKBTitleCode)TC0000715425 035 $a(PQKBWorkID)10705472 035 $a(PQKB)11542154 035 $a(MiAaPQ)EBC703882 035 $a(Au-PeEL)EBL703882 035 $a(CaPaEBR)ebr10575683 035 $a(CaONFJC)MIL369416 035 $a(EXLCZ)991000000000688109 100 $a20780628d1978 uy 0 101 0 $aeng 135 $aur|n|---||||| 181 $ctxt 182 $cc 183 $acr 200 10$aMajor mental handicap$b[electronic resource] $emethods and costs of prevention 210 $aAmsterdam ;$aNew York $cElsevier/Excerpta Medica/North-Holland$d1978 215 $a1 online resource (236 p.) 225 1 $aCiba Foundation symposium ;$v59 (new ser.) 300 $aDescription based upon print version of record. 311 $a0-470-66349-9 311 $a0-444-90033-0 320 $aIncludes bibliographical references and indexes. 327 $aMajor Mental Handicap: methods and costs of prevention; Contents; Chairman's introduction; Main causes of major mental handicap: prevalence and epidemiology; Discussion; Aetiology of severe handicapping conditions in early childhood; Discussion; Severe mental retardation in Swedish children born 1959-1970: epidemiological panorama and causative factors; Discussion; ABCs of perinatal medicine; Discussion; Neonatal intensive care and the prevention of major handicap; Discussion 327 $aA method for neurological evaluation within the first year of life: experience with full-term newborn infants with birth injuryDiscussion; General Discussion; Present status of the infant of very low birth weight treated in a referral neonatal intensive care unit in 1974; Discussion; Outcome for infants at high risk of major handicap; Discussion; Application of cost-benefit analysis to programmes for the prevention of mental handicap; Discussion; Perinatality: French cost-benefit studies and decisions on handicap and prevention; Discussion; Final discussion 327 $aPriorities for obstetric interventionGroup with IQs of 50-70; Research priorities; UK priorities; Ethics; Index of contributors; Subject index 410 0$aCiba Foundation symposium ;$vnew ser. 59. 606 $aIntellectual disability$xPrevention$vCongresses 606 $aIntellectual disability$xPrevention$xCosts$vCongresses 606 $aNeonatal intensive care$vCongresses 606 $aPrenatal care$vCongresses 606 $aIntellectual disability$xEtiology$vCongresses 615 0$aIntellectual disability$xPrevention 615 0$aIntellectual disability$xPrevention$xCosts 615 0$aNeonatal intensive care 615 0$aPrenatal care 615 0$aIntellectual disability$xEtiology 676 $a618.9/28/58805 712 12$aSymposium on the Cost of Preventing Major Mental Handicap 801 0$bMiAaPQ 801 1$bMiAaPQ 801 2$bMiAaPQ 906 $aBOOK 912 $a996202075503316 996 $aMajor mental handicap$92189801 997 $aUNISA